Online Catalogue and eLibrary

Ramana Charitam (Record no. 4694)

MARC details
000 -LEADER
fixed length control field 00396nam a2200145Ia 4500
005 - DATE AND TIME OF LATEST TRANSACTION
control field 20250306043805.0
008 - FIXED-LENGTH DATA ELEMENTS--GENERAL INFORMATION
fixed length control field 240331s9999 xx 000 0 und d
082 ## - DDC Classification
Item Number - Author Mark MAD
DDC Edition Number 6121
Class No. 920
100 ## - MAIN ENTRY--PERSONAL NAME
Personal name Madhurabharathi
245 #0 - TITLE STATEMENT
Title Ramana Charitam
260 ## - PUBLICATION, DISTRIBUTION, ETC.
Place of publication, distribution, etc. Chennai
Name of publisher, distributor, etc. Kizhakku Pathippagam
Date of publication, distribution, etc. 2005
300 ## - PHYSICAL DESCRIPTION
Extent (e.g. Volumes, Pages etc.) 200 p.,
500 ## - GENERAL NOTE
General note A life sketch of Ramana Maharishi, an Indian Hindu sage
942 ## - Koha item type (Biblio)
Koha item type Books in Stacks (Lending)
Holdings
Lost status Damaged status Collection code Home library Current library Shelving location Date acquired Full call number Accession Number Item type
    Lending WERC Library WERC Library Social Science Cupboard 03/31/2024 920 PAR 6121 Books in Stacks (Lending)

© WERC Library